1413 1773 1483 1038 1014 1705 1918 1808 1887 1962 1885 1428 1334 1615 1625 1635 1094 1571 1520 1295 1026 1788 1054 1284 1017 1141 1311 1436 1243 1924 1123 1907 1966 1797 1088 1019 1090 1059 1403 1086 1591 1322 1797 1547 1809 1910 1029 1150 1295 1480 1037 1499 1306 1272 1903 1129 1587 1395 1210 1424 1413 1951 1150 1437 1047 1829 1416 1213 1886 1432 1845 1281 1013 1815 1619 1242 1572 1475 1294 1166 1829 1428 1322 1967 1126 1996 1960 1402 1954 1197 1455 1604 1633 1749 1991 1269 1911 1062 1338 BCNSPRNW ULIB Ver.6.0+V

เปลี่ยนเป็นภาษาไทย

Change to English
 แสดงรายละเอียดบรรณานุกรม
  กลับหน้าหลัก

Brief Record : Get Marc (ISO 2709) : E-mail record : QR code < ปิดหน้าต่าง
LEADER : 00000nam 2200000uu 4500
001    13399122122
003     ULIB
008    121227s2550||||th 000 0 tha d
020    ^a9786110600811
090    ^aนว.^bม111ร
100    ^aอูหลิง^eเขียน
245    ^aมากกว่ารัก รักหวนสู่กลางใจ /^cอูหลิง
260    ^aกรุงเทพฯ :^bแจ่มใส,^c2550
300    ^a207 หน้า
700    ^aมดแดง^eแปล
945    ^p149^l0^i015831
999    ^aวิภา
รายการนี้ยังไม่มีแท็ก
คุณยังไม่ได้ล็อกอิน คุณสามารถมีกิจกรรมร่วมกับเว็บไซต์ได้ แต่ต้องล็อกอินก่อน ::
  ล็อกอิน

รายการสื่อสารสนเทศ

ลำดับที่ ประเภท เลขเรียก/บาร์โค้ด สถานที่ สถานะ
1. นวนิยาย
นวนิยาย
นว. ม111ร  
  Barcode: 015831
ห้องสมุดวิทยาเขตสวรรค์ประชารักษ์
►นวนิยาย
บนชั้น
  ขอยืม

BibComment


ยังไม่เคยถูกคอมเมนท์

คอมเมนท์ทรัพยากรรายการนี้
  คอมเมนท์: มากกว่ารัก รักหว..


 Copyright 2026. Bcnsprnw @Library